000 004580000a22001810004500
003 MACL
005 20150825131419.0
008 150825b xxu||||| |||| 00| 0 eng d
040 _aMACL
_cMACL
041 _aEnglihs
082 _a700/CHO
100 _aChoudhury, Ashok
_97304
245 _aAll India Ditrectory Of Art, Culture & Allied Centres
260 _bEastern Book
_c1995
_aNew Delhi
350 _a500
650 _aArts
_97305
942 _cBK
_k700
_2ddc
999 _c1570
_d1570